000 00725nam a2200253Ia 4500
003 OSt
005 20221005082347.0
006 a|||||r|||| 00| 0
007 ta
008 221004b |||||||| |||| 00| 0 hin d
024 _a23580
037 _cTextual
040 _aCRL
_cCRL
_bhin
041 _2hin
_ahin
082 _aO152,1xN3, N2
100 _aAnand Rawel Chand Editor
_9611839
245 0 _aAadhunik kavitayein
260 _aNew Delhi
_bSharda Prakashan India
_c1992
300 _a68p.
_ccm.
650 _aENGLISH LITERATURE
700 _a Aggrawal Mukesh Editor
_9611840
942 _hO152,1xN3, N2
_cTEXL
_2cc
999 _c989222
_d989222